000 01305cam a2200361 a 4500
001 4029
003 FISKH
005 20251218141219.0
008 960807s1997 nyua c 000 1 eng
010 _a 96036082
020 _a0590944592
020 _a9780545044455
040 _aDLC
_cDLC
_dDLC
_beng
042 _alcac
050 0 0 _aPZ7.B93736
_bSp 1997
082 0 0 _a513
_220
100 1 _aBurns, Marilyn,
_d1941-
245 1 0 _aSpaghetti and meatballs for all! :
_ba mathematical story /
_cwritten by Marilyn Burns ; illustrated by Debbie Tilley.
260 _aNew York :
_bScholastic,
_c1997.
300 _a38 unnumbered pages :
_bcolor illustrations ;
_c21 ×​ 26 cm
500 _a"A Marilyn Burns brainy day book."
505 _aR
520 _aThe seating for a family reunion gets complicated as people rearrange the tables and chairs to seat additional guests.
521 8 _a680
_bLexile estimate
521 8 _aR
_bRaz-Plus
650 1 _aFamily reunions
_vFiction.
650 1 _aMathematics
_vFiction.
700 1 _aTilley, Debbie,
_eillustrator
906 _a7
_bcbc
_corignew
_d1
_eocip
_f19
_gy-gencatlg
942 _2ddc
_cBK
_n0
999 _c4029
_d4029